ARRUPE JESUIT UNIVERSITY

CORONAVIRUS -STOP THE SPREAD - CLEAN,DISINFECT,COVER

Fighting for your marriage : (Record no. 120399)

MARC details
000 -LEADER
fixed length control field 01353cam a2200349 a 4500
001 - CONTROL NUMBER
control field 16021903
003 - CONTROL NUMBER IDENTIFIER
control field ARRUPE
005 - DATE AND TIME OF LATEST TRANSACTION
control field 20140506020010.0
008 - FIXED-LENGTH DATA ELEMENTS--GENERAL INFORMATION
fixed length control field 091214s2010 caua b 001 0 eng
010 ## - LIBRARY OF CONGRESS CONTROL NUMBER
LC control number 2009051934
015 ## - NATIONAL BIBLIOGRAPHY NUMBER
National bibliography number GBB011764
Source bnb
016 7# - NATIONAL BIBLIOGRAPHIC AGENCY CONTROL NUMBER
Record control number 015478723
Source Uk
020 ## - INTERNATIONAL STANDARD BOOK NUMBER
International Standard Book Number 9780470485910 (pbk.)
020 ## - INTERNATIONAL STANDARD BOOK NUMBER
International Standard Book Number 0470485914 (pbk.)
035 ## - SYSTEM CONTROL NUMBER
System control number (OCoLC)ocn460049993
040 ## - CATALOGING SOURCE
Original cataloging agency DLC
Transcribing agency DLC
Modifying agency YDX
-- YDXCP
-- VP@
-- UKM
-- DLC
050 00 - LIBRARY OF CONGRESS CALL NUMBER
Classification number HQ734
Item number .M347 2010
300 ## - PHYSICAL DESCRIPTION
Other physical details ill. ;
Dimensions 23 cm. +
100 1# - MAIN ENTRY--PERSONAL NAME
Personal name Markman, Howard,
Dates associated with a name 1950-
9 (RLIN) 9835
245 10 - TITLE STATEMENT
Title Fighting for your marriage :
Remainder of title a deluxe revised edition of the classic best seller for enhancing marriage and preventing divorce /
Statement of responsibility, etc Howard J. Markman, Scott M. Stanley, Susan L. Blumberg.
250 ## - EDITION STATEMENT
Edition statement 3rd ed.
260 ## - PUBLICATION, DISTRIBUTION, ETC. (IMPRINT)
Place of publication, distribution, etc San Francisco, CA :
Name of publisher, distributor, etc Jossey-Bass,
Date of publication, distribution, etc c2010.
300 ## - PHYSICAL DESCRIPTION
Extent xiii, 448 p. :
Accompanying material 1 DVD (4 3/4 in.)
504 ## - BIBLIOGRAPHY, ETC. NOTE
Bibliography, etc Includes bibliographical references and index.
650 #0 - SUBJECT ADDED ENTRY--TOPICAL TERM
Topical term or geographic name as entry element Marriage.
9 (RLIN) 9836
650 #0 - SUBJECT ADDED ENTRY--TOPICAL TERM
Topical term or geographic name as entry element Interpersonal relations.
9 (RLIN) 9837
650 #0 - SUBJECT ADDED ENTRY--TOPICAL TERM
Topical term or geographic name as entry element Interpersonal communication.
9 (RLIN) 9838
700 1# - ADDED ENTRY--PERSONAL NAME
Personal name Stanley, Scott,
Dates associated with a name 1955-
9 (RLIN) 9839
700 1# - ADDED ENTRY--PERSONAL NAME
Personal name Blumberg, Susan L.,
Dates associated with a name 1959-
9 (RLIN) 9840
906 ## - LOCAL DATA ELEMENT F, LDF (RLIN)
a 7
b cbc
c orignew
d 1
e ecip
f 20
g y-gencatlg
942 ## - ADDED ENTRY ELEMENTS (KOHA)
Source of classification or shelving scheme Library of Congress Classification
Koha item type Monograph ( Printed materials)
Koha issues (borrowed), all copies 1
Holdings
Withdrawn status Lost status Source of classification or shelving scheme Damaged status Not for loan Collection code Home library Current library Shelving location Date acquired Total Checkouts Full call number Barcode Date last seen Date checked out Price effective from Koha item type
    Library of Congress Classification     Main Collection ARRUPE LIBRARY ARRUPE LIBRARY Main Collection 08/04/2014 1 HQ734 .M347 2010 46500001739 09/05/2018 05/05/2014 08/04/2014 Monograph ( Printed materials)

 

Arrupe Library. PO Box MP320 Mt Pleasant, Harare, Zimbabwe
263 242 745411|librarian@aju.ac.zw